| 000 | 006280000a22002170004500 | ||
|---|---|---|---|
| 003 | LK-CoMWRAF | ||
| 005 | 20231115094431.0 | ||
| 008 | 230817t1998 ||||| |||| 00| 0 eng d | ||
| 020 | _a0803975937 | ||
| 040 |
_aLK-CoMWRAF _dLK-CoMWRAF _eLK-CoMWRAF |
||
| 041 | _aeng | ||
| 082 |
_a301.01 _bABB |
||
| 100 | _aAbbinnett, Ross | ||
| 245 |
_aTruth and Social Science: _bFrom Hegel to Deconstruction |
||
| 260 |
_aLondon: _bSage Publications, _c1998 |
||
| 300 |
_a200 p. ; 24 cm. _bBibliography and index included |
||
| 650 | _aSOCIAL SCIENCES-Philosophy | ||
| 650 | _aTruth | ||
| 650 | _aScience--Social aspects. | ||
| 942 | _cBK | ||
| 999 |
_c2153 _d2153 |
||